Kúpa dlhodobého majetku na úver z účtovného hľadiska v roku 2015

Majetok nadobudnutý kúpou sa oceňuje obstarávacou cenou. V prípade obstarania majetku z prostriedkov úveru podnik profituje z úspory dane z úrokov a odpisov. Praktický príklad účtovania obstarania dlhodobého majetku v podvojnom účtovníctve.

Salvato in:
Dettagli Bibliografici
Autore principale: Kubaščíková, Zuzana, 1982-
Natura: Capitolo di libro
Lingua:slovacco
Soggetti:
Tags: Aggiungi Tag
Nessun Tag, puoi essere il primo ad aggiungerne!!

MARC

LEADER 00000naa a2200000 4500
001 0213903
005 20240502073554.6
041 0 |a slo 
044 |a SK 
245 1 0 |a Kúpa dlhodobého majetku na úver z účtovného hľadiska v roku 2015  |c Zuzana Kubaščíková 
520 |a Majetok nadobudnutý kúpou sa oceňuje obstarávacou cenou. V prípade obstarania majetku z prostriedkov úveru podnik profituje z úspory dane z úrokov a odpisov. Praktický príklad účtovania obstarania dlhodobého majetku v podvojnom účtovníctve. 
610 2 0 |a účtovníctvo podvojné 
610 2 0 |a účtovanie 
610 2 0 |a ceny obstarávacie 
610 2 0 |a majetok dlhodobý 
610 2 0 |a úver 
100 1 |a Kubaščíková, Zuzana, 1982-